| 000 | 01349cam a22001694a 4500 | ||
|---|---|---|---|
| 005 | 20250605163324.0 | ||
| 008 | 250528s ||||||||||||||||||||||||d | ||
| 035 | _a16849 | ||
| 040 |
_aGR-AtMCL _bgre _dGR-AtMCL _eAACR2 |
||
| 245 | 1 | _aΠαιδαγωγικό Πλαίσιο και Αρχές Προγράμματος Σπουδών Νηπιαγωγείου / Πρώτο Μέρος | |
| 260 |
_bΕσπα, _c2011 |
||
| 300 | _a62 | ||
| 520 | _aΕισαγωγή, Το Νηπιαγωγείο στον 21ο Αιώνα, Προωθώντας την Ανάπτυξη Βασικών Ικανοτήτων, Βασικές Αρχές για τη Μάθηση και τη Διδασκαλία στην Προσχολική Εκπαίδευση, Αναγνωρίζοντας τη Διαφορετικότητα και Αναπτύσσοντας Διαφοροποιημένες Προσεγγίσεις, Οργανώνοντας τη Μάθηση και τη Διδασκαλία στο Νηπιαγωγείο, Αξιολόγηση για τη Μάθηση, Η Ένταξη στο Νηπιαγωγείο, Η Σημασία της Συνεργασίας Σχολείου - Οικογένειας, Διευκολύνοντας τις Μεταβάσεις Παιδιών και Οικογενειών. | ||
| 942 | _cBK | ||
| 999 |
_c2301 _d2301 |
||